[Event "GER OS-079 email"]
[Site "GER email"]
[Date "2008.07.02"]
[Round "?"]
[White "Koch, Bernd"]
[Black "Dorr, Joerg"]
[Result "0-1"]
[WhiteElo "2000"]
[BlackElo "2019"]
[PlyCount "70"]
[EventDate "2008.??.??"]
[EventType "tourn (corr)"]
[EventRounds "6"]
[EventCountry "GER"]
[SourceTitle "Corr 2011"]
[Source "ChessBase"]
[SourceDate "2010.08.31"]
[SourceVersion "1"]
[SourceVersionDate "2010.08.31"]
[SourceQuality "1"]

1. Nf3 d5 2. d4 Nf6 3. c4 c6 4. Nc3 a6 5. c5 Bg4 6. Ne5 Bf5 7. f3 Nbd7 8. g4 Bg6 9. Nxg6 hxg6 10. Bg5 Qc7 11. Qb3 e5 12. e3 0-0-0 13. 0-0-0 Re8 14. Na4 Nh7 15. Nb6+ Nxb6 16. cxb6 Qd7 17. Bh4 exd4 18. exd4 g5 19. Bg3 Bd6 20. Bxd6 Qxd6 21. Kb1 Qf4 22. Qc2 g6 23. Bxa6 Re6 24. Be2 Kd7 25. a4 Nf6 26. h3 Ne8 27. a5 Nd6 28. b4 Qe3 29. Rd2 Qa3 30. Qb2 Qa4 31. Rc1 Rxh3 32. Qc3 Ne4 33. Qb2 Nxd2+ 34. Qxd2 Rh2 35. Re1 Qb3+ 0-1